00482nam a2200169Ia 4500008004100000040001900041041001200060082002200072245004900094260002600143300001800169440004400187504001900231650002400250700002200274850001600296131103s9999 xx 000 0 und d aLoreto College aEnglish aF/FORbLCBED/5227 aFrom Dickens to HardycEdited by Borris Ford aLondonbPenguinc1958 aV.6 c 20 cm. aThe pelican guide to english literature aIncludes index aEnglish literature  aFord, Borris, ed. aLCBED/F/FOR